La sucesin̤ intestada de los parientes colaterales

Detalles Bibliográficos
Autor principal: Nn︢̃ez Nn︢̃ez, Mara̕
Formato: Desconocido
Lenguaje:español
Publicado: Madrid : Dykinson, 2007
Materias:
Acceso en línea:Acceso restringido

MARC

LEADER 00000ny a22000003n 4500
005 20110617130749.0
006 m u
007 cr cn|||||||||
008 200807r2007 sp |||||s|||||||||||spa d
020 |a 9788498490916 
035 |a 2435 
040 |a FlNmELB  |c FlNmELB  |d vlex 
050 1 4 |a HB715  |b N575 2007eb 
080 |a 347.65 
090 |c 1401  |d 1401 
100 1 |a Nn︢̃ez Nn︢̃ez, Mara̕ 
245 1 3 |a La sucesin̤ intestada de los parientes colaterales  |h [Recurso electrn̤ico]  |c Mara̕ Nn︢̃ez Nn︢̃ez 
256 |a Servicio en ln̕ea 
260 |a Madrid :  |b Dykinson,  |c 2007 
300 |a 12-399 p 
506 1 |a Contenido solo disponible en los productos indicados  |d vLex Global  |d vLex Global (Academic Edition, excluding Law Schools)  |d vLex Global (U.S. Academic Edition, Law Schools)  |d vLex Global (U.S. Academic Edition, excluding Law Schools)  |d vLex Global (Academic Edition, Law Schools) 
650 0 7 |a Sucesin̤  |2 Tesauro vLex 
650 0 7 |a Sucesorio  |2 Tesauro vLex 
650 0 7 |a Sucesin̤ ab intestato  |2 Tesauro vLex 
650 0 7 |a Sucesin̤ de los parientes  |2 Tesauro vLex 
650 0 7 |a Sucesin̤ de los colaterales  |2 Tesauro vLex 
650 0 7 |a Derecho sucesorio  |2 Tesauro vLex 
740 0 |a vLex Libros (Servicios en ln̕ea) 
856 4 0 |u http://vlex.com/source/2435  |z Acceso restringido 
942 |c BOOK